War in Palestine, 1948 : (Record no. 16423)

000 -LEADER
fixed length control field 01125pam a22003374a 4500
001 - CONTROL NUMBER
control field 4894271
005 - DATE AND TIME OF LATEST TRANSACTION
control field 20170105102939.0
008 - FIXED-LENGTH DATA ELEMENTS--GENERAL INFORMATION
fixed length control field 021001s2004 enkb b 001 0 eng
010 ## - LIBRARY OF CONGRESS CONTROL NUMBER
LC control number 2002035057
020 ## - INTERNATIONAL STANDARD BOOK NUMBER
International Standard Book Number 071465275X (cloth)
035 ## - SYSTEM CONTROL NUMBER
System control number (OCoLC)ocm50737105
035 ## - SYSTEM CONTROL NUMBER
System control number (NNC)4894271
040 ## - CATALOGING SOURCE
Original cataloging agency DLC
Transcribing agency DLC
Modifying agency YDX
042 ## - AUTHENTICATION CODE
Authentication code pcc
043 ## - GEOGRAPHIC AREA CODE
Geographic area code a-is---
-- ma-----
050 00 - LIBRARY OF CONGRESS CALL NUMBER
Classification number DS126.9
Item number .T285 2004
082 00 - DEWEY DECIMAL CLASSIFICATION NUMBER
Classification number 956.042
Edition number 21
Author Mark TAL 2004
100 1# - MAIN ENTRY--PERSONAL NAME
Personal name Tal, David
Titles and words associated with a name (Historian)
245 10 - TITLE STATEMENT
Title War in Palestine, 1948 :
Remainder of title strategy and diplomacy /
Statement of responsibility, etc. David Tal.
260 ## - PUBLICATION, DISTRIBUTION, ETC.
Place of publication, distribution, etc. London ;
-- New York :
Name of publisher, distributor, etc. Routledge,
Date of publication, distribution, etc. 2004.
300 ## - PHYSICAL DESCRIPTION
Extent viii, 498 p. :
Other physical details maps ;
Dimensions 25 cm.
490 1# - SERIES STATEMENT
Series statement Cass series--Israeli history, politics, and society
504 ## - BIBLIOGRAPHY, ETC. NOTE
Bibliography, etc. note Includes bibliographical references (p. [477]-483) and index.
650 #0 - SUBJECT ADDED ENTRY--TOPICAL TERM
Topical term or geographic name entry element Israel-Arab War, 1948-1949.
650 #0 - SUBJECT ADDED ENTRY--TOPICAL TERM
Topical term or geographic name entry element Israel-Arab War, 1948-1949
General subdivision Armistices.
650 #0 - SUBJECT ADDED ENTRY--TOPICAL TERM
Topical term or geographic name entry element Israel-Arab War, 1948-1949
General subdivision Diplomatic history.
830 #0 - SERIES ADDED ENTRY--UNIFORM TITLE
Uniform title Cass series--Israeli history, politics, and society.
942 ## - ADDED ENTRY ELEMENTS (KOHA)
Source of classification or shelving scheme
Koha item type Book
948 2# - LOCAL PROCESSING INFORMATION (OCLC); SERIES PART DESIGNATOR (RLIN)
Series part designator, SPT (RLIN) 20070215
b (OCLC) a
c (OCLC) rad1
d (OCLC) MPS
Holdings
Withdrawn status Lost status Damaged status Not for loan Collection code Permanent Location Current Location Shelving location Date acquired Total Checkouts Full call number Barcode Date last seen Price effective from Koha item type
          Centre for International Peace & Stability (CIPS) Centre for International Peace & Stability (CIPS) General Stacks 06/30/2016   956.042 TAL 2004 CIPS0002863 07/20/2016 07/20/2016 Book
© 2023 Central Library, National University of Sciences and Technology. All Rights Reserved.